ბათუმის შოთა რუსთაველის სახელმწიფო უნივერსიტეტის ბიბლიოთეკა

რუსთველოლოგიური რჩეული ლიტერატურა : (ბიბ.ჩანაწერი № 36156)

000 -ლიდერი
ფიქსირებული სიგრძის საკონტროლო ველი 01380nam a2200229Ia 4500
001 - საკონტროლო ნომერი
საკონტროლო ველი 2058
003 - საკონტროლო ნომრის იდენტიფიკატორი
საკონტროლო ველი GE_BSU
005 - ბოლო ოპერაციის თარიღი და დრო
საკონტროლო ველი 20190515195836.0
008 - ფიქსირებული სიგრძის მონაცემთა ელემენტები - ზოგადი ინფორმაცია
ფიქსირებული სიგრძის საკონტროლო ველი 181216s1979||||ge |||||||||||||| ||geo||
040 ## - კატალოგიზაციის წყარო
Transcribing agency GE_BSU
041 ## - ენის კოდი
Language code of text/sound track or separate title geo
080 ## - უნივერსალური ათობითი კლასიფიკაციის ინდექსი
Universal Decimal Classification number 821.353.109 რ–93
245 ## - ცნობა სათაურის შესახებ
Title რუსთველოლოგიური რჩეული ლიტერატურა :
Remainder of title კრ. 1; სტატიების კრებული /
Statement of responsibility, etc შეადგინა, გამოსაცემად მოამზადა, წინასიტყვ. შენიშვნები და კომენტ. დაურთო ი. მეგრელიძემ; საქ. სსრ მეცნ. აკადემია. შ. რუსთაველის სახ. ქართ. ლიტ-რის ისტ. ინ-ტი.
264 ## - წარმოების, გამოცემის, დისტრიბუციის და სხვა ცნობები
გამოცემის, წარმოების, დისტრიბუციის... ადგილი თბილისი :
გამოცემის, წარმოების, დისტრიბუციის... სახელწოდება მეცნიერება,
გამოცემის, წარმოების, დისტრიბუციის... თარიღი 1979
300 ## - ფიზიკური აღწერა
Extent 155 გვ.;
Other physical details 20 სმ.
504 ## - BIBLIOGRAPHY, ETC. NOTE
Bibliography, etc საკუთარ სახელთა საძიებლები: გვ. 152-154.
653 ## - INDEX TERM--UNCONTROLLED
Uncontrolled term რუსთველოლოგია
653 ## - INDEX TERM--UNCONTROLLED
Uncontrolled term რუსთაველი შოთა და მისი "ვეფხისტყაოსანი"
700 ## - ADDED ENTRY--PERSONAL NAME
Personal name მეგრელიძე, ი.
Relator term შემდგენელი
9 (RLIN) 1203
942 ## - ADDED ENTRY ELEMENTS (KOHA)
Koha item type წიგნი
Source of classification or shelving scheme
ეგზემპლარები
ჩამოწერის სტატუსი დაკარგული ეგზემპლარის სტატუსი კლასიფიკაციის წყარო ან თაროზე გაწყობის სქემა დაზიანების სტატუსი არ გაიცემა მუდმივი მდებარეობა (დაცვის ადგილი) ამჟამინდელი ადგილსამყოფელი თაროზე განთავსების ადგილი შეძენის თარიღი ღირებულება, შესყიდვის ნორმალური ფასი სრული შენახვის შიფრი შტრიხკოდი ბოლო ოპერაციის თარიღი ეგზემპლარის მიმდევრობითი ნომერი (კეტერი?) ფასის ძალაში შესვლის თარიღი ეგზემპლარის სახეობა საჯარო შენიშვნა
          ბათუმის შოთა რუსთაველის სახელმწიფო უნივერსიტეტის მთავარი ბიბლიოთეკა ბათუმის შოთა რუსთაველის სახელმწიფო უნივერსიტეტის მთავარი ბიბლიოთეკა წიგნსაცავი 2018-12-17 6.00 821.353.109 რ–93 4228 2018-12-17 4228 2018-12-17 წიგნი 6 ლ.